[Event "Titled Tue 27th May Late"]
[Site "chess.com INT"]
[Date "2025.05.27"]
[Round "8"]
[White "Miranda Camus, Joaquin Ignacio"]
[Black "Hiwale, Ronak"]
[Result "1-0"]
[WhiteTitle "FM"]
[WhiteElo "2196"]
[BlackElo "2105"]
[WhiteFideId "3449300"]
[BlackFideId "30975336"]
[EventDate "2025.05.27"]

1. e4 g6 2. h4 h5 3. d4 Bg7 4. c4 d6 5. Nc3 Nf6 6. f3 Nc6 7. Be3 a6 8. Qd2 Bd7
9. O-O-O Rb8 10. Nh3 Na7 11. e5 Nh7 12. exd6 cxd6 13. Bd3 b5 14. c5 dxc5 15.
dxc5 Be6 16. Nf4 Bc4 17. Bxc4 Qxd2+ 18. Rxd2 bxc4 19. Bd4 O-O 20. Nfd5 e5 21.
Be3 Nc6 22. Rhd1 Rfe8 23. Nb6 Nf8 24. Nxc4 Nd4 25. Nxe5 Bxe5 26. Bxd4 Bf4 27.
Nd5 Bxd2+ 28. Rxd2 Nd7 29. c6 Rbc8 30. Rc2 Nb8 31. Nf6+ Kf8 32. Nxe8 Rxe8 33. c7
Nd7 34. c8=Q Rxc8 35. Rxc8+ Ke7 36. Ra8 Ke6 37. Rxa6+ Kd5 38. Ra4 Nb8 39. Rb4
Nc6 40. Ra4 Nxd4 41. Rxd4+ Kxd4 42. a4 Kc4 43. Kc2 Kb4 44. b3 f6 45. g3 g5 46.
f4 gxf4 47. gxf4 Kc5 48. Kc3 Kd5 49. a5 Ke4 50. a6 Kxf4 51. a7 Kg4 52. a8=Q Kxh4
53. Qh1+ Kg4 54. b4 f5 55. b5 f4 56. b6 f3 57. b7 h4 58. b8=Q f2 59. Qg8+ Kf4
60. Qxh4+ Ke5 61. Qe7+ Kf4 62. Qgf8+ Kg3 63. Qeg7+ Kh2 64. Qfh8# 1-0

[Event "Titled Tue 27th May Late"]
[Site "chess.com INT"]
[Date "2025.05.27"]
[Round "8"]
[White "Sailer, Mike"]
[Black "Yevchenko, Oleksandr"]
[Result "1-0"]
[BlackTitle "CM"]
[WhiteElo "2108"]
[BlackElo "2276"]
[WhiteFideId "2012901"]
[BlackFideId "14108267"]
[EventDate "2025.05.27"]

1. c4 e5 2. Nc3 Nf6 3. g3 c6 4. Bg2 d5 5. cxd5 cxd5 6. d4 e4 7. Bg5 Bb4 8. e3
O-O 9. Ne2 Bg4 10. O-O Be7 11. Qb3 Nbd7 12. Nf4 Be6 13. Nxe6 fxe6 14. Bh3 Kf7
15. f3 exf3 16. Rxf3 h6 17. Bxf6 Nxf6 18. Raf1 Qb6 19. Qc2 Rac8 20. Qh7 Rc6 21.
Na4 Qb4 22. Nc5 Rxc5 23. dxc5 Qxc5 24. Qd3 Rd8 25. Qd4 Qb5 26. Qe5 Rd6 27. b3
Qc6 28. g4 Kg8 29. g5 hxg5 30. Qxg5 Qc2 31. Qe5 Qh7 32. Bxe6+ Kf8 33. Bf5 Qh6
34. Rg3 Qh4 35. Bg6 d4 36. e4 Qh6 37. Qf5 d3 38. Qc8+ Rd8 39. Qxb7 Qd2 40. Qxa7
Qc2 41. Qb7 Bc5+ 42. Kh1 d2 43. Qb5 d1=Q 44. Qxc5+ Qxc5 45. Rxd1 1-0

[Event "Titled Tue 27th May Late"]
[Site "chess.com INT"]
[Date "2025.05.27"]
[Round "8"]
[White "Leiva, Gianmarco"]
[Black "Yanev, Tihomir"]
[Result "1-0"]
[WhiteTitle "IM"]
[BlackTitle "IM"]
[WhiteElo "2387"]
[BlackElo "2354"]
[WhiteFideId "3804399"]
[BlackFideId "2910110"]
[EventDate "2025.05.27"]

1. e4 e5 2. Nf3 Nc6 3. Bb5 a6 4. Ba4 Nf6 5. O-O Be7 6. Re1 b5 7. Bb3 O-O 8. d3
d6 9. c3 Na5 10. Bc2 c5 11. Nbd2 Re8 12. Nf1 Bf8 13. Ng3 g6 14. h3 Bg7 15. d4
exd4 16. cxd4 Bb7 17. d5 Nd7 18. h4 Nc4 19. h5 Nxb2 20. Bxb2 Bxb2 21. Rb1 Bg7
22. a4 b4 23. Nd2 a5 24. Bd3 Ba6 25. Bxa6 Rxa6 26. Qe2 Ra8 27. Nc4 Nb6 28. Nxb6
Qxb6 29. Nf1 c4 30. Qxc4 Rec8 31. Qe2 Rc3 32. Ne3 Bd4 33. Ng4 Rac8 34. h6 b3 35.
Kh2 Qd8 36. g3 Qg5 37. Red1 Rc2 38. Qf3 R8c3 39. Rd3 Rxd3 40. Qxd3 Qxg4 41. Qxc2
Qh5+ 42. Kg2 Qxh6 43. Rxb3 Kg7 44. Qc7 Bf6 45. Qxd6 Qg5 46. Qf4 Qh5 47. Rf3 Bg5
48. Qxf7+ Kh6 49. Qf8# 1-0

[Event "Titled Tue 27th May Late"]
[Site "chess.com INT"]
[Date "2025.05.27"]
[Round "8"]
[White "Barseghyan, Armen Ar."]
[Black "Nguyen, Ngoc Truong Son"]
[Result "0-1"]
[WhiteTitle "IM"]
[BlackTitle "GM"]
[WhiteElo "2348"]
[BlackElo "2632"]
[WhiteFideId "13306707"]
[BlackFideId "12401110"]
[EventDate "2025.05.27"]

1. d4 Nf6 2. c4 e6 3. Nf3 d5 4. Nc3 Be7 5. Bg5 Nbd7 6. e3 h6 7. Bh4 O-O 8. Bd3
c5 9. cxd5 Nxd5 10. Bxe7 Nxe7 11. O-O b6 12. Be4 Rb8 13. Ne5 Nxe5 14. dxe5 Bb7
15. Qg4 Bxe4 16. Nxe4 Ng6 17. Rad1 Qe7 18. f4 Rfd8 19. Rd6 Qb7 20. Ng3 Rxd6 21.
exd6 Qd5 22. Rd1 Qxa2 23. f5 exf5 24. Nxf5 Qe6 25. h3 Rd8 26. Rd2 Kf8 27. Kh1
Rd7 28. e4 Qf6 29. h4 Ne5 30. Qg3 g6 31. Nxh6 Rxd6 32. Ng4 Nxg4 33. Qxd6+ Qxd6
34. Rxd6 Ke7 35. Rd2 b5 36. Rc2 c4 37. b3 cxb3 38. Rb2 a5 39. Rxb3 b4 40. Kg1
Kd6 41. Rb1 Kc5 42. Kf1 a4 43. Ke2 b3 44. Kd3 Kb4 45. Rc1 b2 46. Rc7 b1=Q+ 47.
Kd4 Qd1# 0-1

[Event "Titled Tue 27th May Late"]
[Site "chess.com INT"]
[Date "2025.05.27"]
[Round "8"]
[White "Moroni, Luca Jr"]
[Black "Aradhya, Garg"]
[Result "0-1"]
[WhiteTitle "GM"]
[BlackTitle "IM"]
[WhiteElo "2546"]
[BlackElo "2383"]
[WhiteFideId "865834"]
[BlackFideId "25006746"]
[EventDate "2025.05.27"]

1. d4 d5 2. Bf4 Nf6 3. e3 c5 4. dxc5 Nbd7 5. b4 a5 6. c3 e5 7. Bg3 axb4 8. cxb4
b6 9. c6 Bxb4+ 10. Nd2 Nc5 11. a3 Bc3 12. Rc1 Bxd2+ 13. Qxd2 Nb3 14. c7 Qd6 15.
Bb5+ Kf8 16. Qc3 Nxc1 17. Bxe5 Qe7 18. Nf3 Na2 19. Qd4 Qc5 20. Qb2 Qc1+ 21. Ke2
Qxh1 22. Bxf6 gxf6 23. Qxf6 Nc1+ 24. Kd2 Nb3+ 25. Ke2 Nc1+ 26. Kd2 Nb3+ 27. Ke2
Qa1 28. Qd8+ Kg7 29. Qg5+ Kf8 30. Qd8+ Kg7 31. Qg5+ Kf8 32. Ne5 Bg4+ 33. Nxg4
Qb2+ 34. Kf3 Nd2+ 35. Kf4 Qxb5 36. Qh6+ Ke7 37. Qf6+ Kd7 38. Qxf7+ Kc6 39. c8=Q+
Rhxc8 40. Ne5+ Kd6 41. Qf6+ Kc7 42. Qe7+ Kb8 43. Nd7+ Kb7 44. Nc5+ Kc6 45. Nd7
Qc4+ 0-1

[Event "Titled Tue 27th May Late"]
[Site "chess.com INT"]
[Date "2025.05.27"]
[Round "8"]
[White "Manolache, Marius"]
[Black "Klekowski, Maciej"]
[Result "1-0"]
[WhiteTitle "GM"]
[BlackTitle "GM"]
[WhiteElo "2408"]
[BlackElo "2474"]
[WhiteFideId "1201530"]
[BlackFideId "1132717"]
[EventDate "2025.05.27"]

1. d4 Nf6 2. Nf3 b6 3. Bg5 Bb7 4. Nbd2 h6 5. Bxf6 gxf6 6. e4 e6 7. Bd3 Rg8 8. g3
c5 9. c3 Nc6 10. a3 Qc7 11. O-O O-O-O 12. Qe2 Kb8 13. b4 cxd4 14. cxd4 d5 15. e5
fxe5 16. dxe5 Bg7 17. Rfe1 Rc8 18. Rac1 Qe7 19. Ba6 Rc7 20. Bxb7 Kxb7 21. Nb3
Rgc8 22. Qb5 Ka8 23. Qa6 Kb8 24. Kg2 f6 25. exf6 Qxf6 26. Rxc6 Rxc6 27. Nbd4 Rd6
28. b5 Qf7 29. Ne5 Bxe5 30. Rxe5 Rc4 31. Nc6+ Rdxc6 32. bxc6 Rxc6 33. Qe2 Kb7
34. h4 a5 35. a4 Qd7 36. Qb5 d4 37. Re2 Qd6 38. Qh5 d3 39. Rd2 Ka6 40. Qxh6 Rc4
41. Qe3 Qd5+ 42. f3 Rxa4 43. Qxd3+ Qxd3 44. Rxd3 Rc4 45. h5 a4 46. g4 b5 47. h6
b4 48. h7 Rc8 49. g5 a3 50. g6 a2 51. Rd1 b3 52. g7 b2 53. g8=Q b1=Q 54. Qxe6+
Kb7 55. Rd7+ Rc7 56. Qd5+ Kb6 57. Rd6+ Ka7 58. Qa5+ Kb7 59. Qa6+ Kb8 60. Rd8+
Rc8 61. Rxc8# 1-0

[Event "Titled Tue 27th May Late"]
[Site "chess.com INT"]
[Date "2025.05.27"]
[Round "8"]
[White "Bian, Alex"]
[Black "Haussernot, Cecile"]
[Result "0-1"]
[WhiteTitle "FM"]
[BlackTitle "WIM"]
[WhiteElo "2342"]
[BlackElo "2108"]
[WhiteFideId "2056372"]
[BlackFideId "601632"]
[EventDate "2025.05.27"]

1. e4 e5 2. Nf3 Nf6 3. Nxe5 d6 4. Nf3 Nxe4 5. Nc3 Nxc3 6. dxc3 Be7 7. Be3 O-O 8.
Qd2 Nd7 9. O-O-O Nf6 10. Be2 c5 11. Kb1 b5 12. Bxb5 Rb8 13. Bc4 Qb6 14. b3 Qa5
15. Qd3 Rd8 16. Bf4 Bg4 17. Rhe1 Bf8 18. Bg5 Bh5 19. Bxf6 gxf6 20. Qd5 Bg6 21.
Nh4 Rd7 22. Nxg6 hxg6 23. Rd3 Bg7 24. Qc6 Rbd8 25. Qb5 Qc7 26. Bd5 f5 27. Qc4
Re7 28. Red1 Rde8 29. h4 Re1 30. Kb2 a5 31. a4 Kh7 32. Bxf7 R8e4 33. Qd5 Qe7 34.
Bg8+ Kh8 35. h5 g5 36. h6 Bxh6 37. Rxe1 Rxe1 38. Rh3 Qg7 39. Be6 g4 40. Rh5 Qg6
41. Qxf5 Qxe6 42. Qf8+ Kh7 43. Qf4 Qg6 44. Rxh6+ Qxh6 45. Qf5+ Qg6 46. Qd7+ Kh6
47. Qd8 Qg7 48. Qh4+ Kg6 49. Qxg4+ Kf7 50. Qf3+ Qf6 51. Qd5+ Qe6 52. Qb7+ Kf6
53. Qf3+ Ke7 54. Qd3 Kf6 55. Qd2 Qe2 56. Qf4+ Ke6 57. g4 Qd1 58. Qf5+ Ke7 59.
Qg5+ Kd7 60. Qg7+ Kc6 61. c4 Qa1# 0-1

[Event "Titled Tue 27th May Late"]
[Site "chess.com INT"]
[Date "2025.05.27"]
[Round "8"]
[White "Clawitter, Craig"]
[Black "Guliev, Gasan"]
[Result "1-0"]
[BlackTitle "CM"]
[WhiteElo "2050"]
[BlackElo "2123"]
[WhiteFideId "2023105"]
[BlackFideId "34165638"]
[EventDate "2025.05.27"]

1. e4 c5 2. Nf3 Nc6 3. d4 cxd4 4. Nxd4 Nf6 5. Nc3 e5 6. Ndb5 d6 7. Bg5 a6 8. Na3
b5 9. Bxf6 gxf6 10. Nd5 f5 11. Bd3 Be6 12. O-O Bxd5 13. exd5 Ne7 14. c3 Bg7 15.
Qh5 Qd7 16. Rad1 O-O 17. Rfe1 e4 18. Bb1 Ng6 19. Nc2 Rae8 20. Ne3 f4 21. Nf5 e3
22. fxe3 fxe3 23. Rxe3 Qa7 24. Re1 Rxe3 25. Rxe3 Re8 26. Qe2 Nf4 27. Qf2 Rxe3
28. Nxe3 Be5 29. Be4 Kh8 30. Ng4 Qxf2+ 31. Kxf2 Bg7 32. g3 Nh3+ 33. Ke3 Ng5 34.
Bg2 h5 35. Nf2 Be5 36. Nd3 f6 37. Nf4 h4 38. Ng6+ Kg7 39. Nxh4 Kf7 40. Nf5 Ke8
41. Nd4 Kd7 42. Nc6 Nf7 43. Nxe5+ Nxe5 44. Ke4 Nc4 45. Kf5 Nxb2 46. Kxf6 Nd1 47.
g4 Nxc3 48. g5 Ke8 49. g6 Kf8 50. g7+ Kg8 51. h4 b4 52. h5 a5 53. h6 a4 54. Kg6
Nxd5 55. h7# 1-0

[Event "Titled Tue 27th May Late"]
[Site "chess.com INT"]
[Date "2025.05.27"]
[Round "8"]
[White "Tologon tegin, Semetei"]
[Black "Panarin, Mikhail"]
[Result "0-1"]
[WhiteTitle "IM"]
[BlackTitle "GM"]
[WhiteElo "2313"]
[BlackElo "2562"]
[WhiteFideId "13800574"]
[BlackFideId "4153251"]
[EventDate "2025.05.27"]

1. f4 c5 2. Nf3 Nc6 3. e3 g6 4. Bb5 Bg7 5. O-O Qb6 6. c4 Nf6 7. Nc3 d6 8. d3 O-O
9. h3 a6 10. Ba4 Bd7 11. Rb1 Qd8 12. b3 Rb8 13. Bb2 Qa5 14. Bxc6 Bxc6 15. e4 b5
16. e5 Nd7 17. exd6 Bxc3 18. dxe7 Rfe8 19. f5 Rxe7 20. Ng5 Rbe8 21. Qg4 Re2 22.
Rf2 Rxf2 23. Kxf2 Nf6 24. Qd1 Bxb2 25. Rxb2 Qc3 26. Re2 Qd4+ 27. Kf1 Qf4+ 28.
Nf3 Bxf3 29. Rxe8+ Nxe8 30. gxf3 Qxf5 31. Qe2 Nf6 32. Qe3 Qxh3+ 33. Kg1 Qf5 34.
cxb5 axb5 35. d4 cxd4 36. Qxd4 Nd5 37. Kf2 b4 38. Qc5 h5 39. a4 bxa3 40. Qxa3 g5
41. Qa8+ Kg7 42. Qa1+ Kg6 43. Qd1 g4 44. b4 Nxb4 45. Qd6+ Qf6 46. Qxb4 Qxf3+ 47.
Kg1 Qf5 48. Qd6+ f6 49. Qd8 Qc5+ 50. Kg2 Qc6+ 51. Kg3 Qe6 52. Qd3+ Kg7 53. Qc3
Qe5+ 54. Kh4 Qxc3 55. Kxh5 Qh3# 0-1

[Event "Titled Tue 27th May Late"]
[Site "chess.com INT"]
[Date "2025.05.27"]
[Round "8"]
[White "Danila, Tudor-Gabriel"]
[Black "Naranjo Moreno, Antonio"]
[Result "0-1"]
[WhiteTitle "CM"]
[BlackTitle "FM"]
[WhiteElo "2178"]
[BlackElo "2289"]
[WhiteFideId "1274244"]
[BlackFideId "2278626"]
[EventDate "2025.05.27"]

1. e4 e5 2. Nf3 Nc6 3. Bc4 Nf6 4. d4 exd4 5. e5 d5 6. Bb5 Ne4 7. Nxd4 Bd7 8.
Bxc6 bxc6 9. O-O Bc5 10. f3 Ng5 11. f4 Ne4 12. Be3 Bb6 13. Nd2 Nxd2 14. Qxd2 c5
15. Nf3 d4 16. Bf2 Bc6 17. a4 a5 18. b3 Qd5 19. Qe2 O-O-O 20. Rad1 h6 21. Be1 g5
22. fxg5 hxg5 23. Nxg5 Rdg8 24. h4 c4 25. Qg4+ Bd7 26. Qf3 Qxf3 27. Rxf3 d3+ 28.
Kf1 Rxg5 29. cxd3 Rxe5 30. d4 Re4 31. bxc4 Rxd4 32. Rxd4 Bxd4 33. Bxa5 Be6 34.
Rf4 Bxc4+ 35. Ke1 c5 36. Bb6 Bd5 37. g3 Kb7 38. a5 Kc6 39. Rf5 Re8+ 40. Kd2 Re3
41. g4 Rh3 42. h5 Rh2+ 43. Kd3 Rh3+ 44. Kd2 Be6 45. Rf1 f6 46. Bd8 Rh2+ 47. Kd3
Rh3+ 48. Ke4 Bd5+ 49. Kf5 Bc4 50. Kg6 Bxf1 51. h6 Bd3+ 52. Kg7 f5+ 53. Bf6 Bxf6+
54. Kxf6 fxg4 55. Kg7 g3 56. a6 Kb6 57. a7 Kxa7 58. h7 Rxh7+ 0-1

[Event "Titled Tue 27th May Late"]
[Site "chess.com INT"]
[Date "2025.05.27"]
[Round "8"]
[White "Haug, Havard"]
[Black "Ahmad, Khagan"]
[Result "0-1"]
[WhiteTitle "FM"]
[BlackTitle "IM"]
[WhiteElo "2354"]
[BlackElo "2405"]
[WhiteFideId "1547887"]
[BlackFideId "13431552"]
[EventDate "2025.05.27"]

1. e4 c5 2. c3 Nf6 3. e5 Nd5 4. Nf3 d6 5. d4 cxd4 6. cxd4 Nc6 7. Bc4 Nb6 8.
Bxf7+ Kxf7 9. e6+ Kxe6 10. Ng5+ Kd7 11. Nf7 Qe8 12. Nxh8 g5 13. d5 Ne5 14. O-O
Bg7 15. Nc3 Qxh8 16. Bxg5 Kd8 17. Nb5 Bf6 18. Be3 Bd7 19. Nxa7 Nec4 20. Qb3 Bd4
21. Bxd4 Qxd4 22. Nb5 Qc5 23. Nc3 Nd2 24. Qc2 Nxf1 25. Rxf1 Nxd5 26. Qxh7 Nxc3
27. Qh8+ Be8 28. bxc3 Kc7 29. Re1 Qg5 30. h4 Qf6 31. Qh7 Bf7 32. Re3 Rh8 33. Qe4
e5 34. Rf3 Qe7 35. Qc2 Rxh4 36. Rg3 Be6 37. Qg6 Rf4 38. Qh6 Rf7 39. Qh8 Qf6 40.
Qxf6 Rxf6 41. a4 Kc6 42. Rg7 d5 43. f3 d4 44. cxd4 exd4 45. Kf2 Bc4 46. Rg4 Kc5
47. Rg7 Re6 48. Rxb7 d3 49. Rd7 Bd5 50. Rc7+ Kd4 51. Rc1 d2 52. Rd1 Kd3 53. Rb1
Kc2 54. Ra1 d1=Q 55. Rxd1 Kxd1 56. a5 Ra6 57. Ke3 Rxa5 58. g4 Ra3+ 59. Kf4 Bxf3
60. g5 Bh5 61. Kf5 Ra6 0-1

[Event "Titled Tue 27th May Late"]
[Site "chess.com INT"]
[Date "2025.05.27"]
[Round "8"]
[White "Rees, Ioan"]
[Black "Medina Paz, Miguel"]
[Result "1/2-1/2"]
[WhiteTitle "FM"]
[BlackTitle "IM"]
[WhiteElo "2288"]
[BlackElo "2368"]
[WhiteFideId "1801236"]
[BlackFideId "7300379"]
[EventDate "2025.05.27"]

1. Nf3 Nf6 2. g3 g6 3. b3 Bg7 4. Bb2 O-O 5. Bg2 d6 6. d4 Nbd7 7. O-O e5 8. dxe5
Ng4 9. Qd2 Ngxe5 10. Nxe5 Nxe5 11. c4 Rb8 12. f4 Ng4 13. Bxg7 Kxg7 14. h3 Nf6
15. Nc3 Bd7 16. Rad1 Re8 17. e4 Bc6 18. Rfe1 a5 19. Nd5 Nd7 20. Qxa5 Bxd5 21.
cxd5 Ra8 22. Qc3+ Qf6 23. Qxf6+ Kxf6 24. Rd2 Ra3 25. Rc2 Nc5 26. e5+ Kg7 27.
Ree2 b6 28. Kf1 dxe5 29. fxe5 Nd3 30. e6 Nc5 31. exf7 Rxe2 32. Kxe2 Kxf7 33. h4
Ra8 34. b4 Re8+ 35. Kf1 Nd3 36. Rxc7+ Kf6 37. Rc6+ Kf5 38. Bh3+ Ke5 39. Re6+
Rxe6 40. dxe6 Kd6 41. a3 b5 42. Ke2 Ne5 43. Ke3 Nc4+ 44. Kf4 Nxa3 45. Kg5 Nc2
46. Kf6 Nxb4 47. Bg2 Na6 48. e7 Nc7 49. Kf7 Ke5 50. e8=Q+ Nxe8 51. Kxe8 b4 52.
Bf1 Ke4 53. Kf7 b3 54. Bc4 b2 55. Ba2 Kf3 56. Kg7 Kxg3 57. Kxh7 Kxh4 58. Kxg6
Kg3 59. Bb1 Kf2 60. Kf5 Ke1 61. Ke4 Kd2 62. Kd4 Kc1 63. Ba2 b1=Q 64. Bxb1 1/2-1/2

[Event "Titled Tue 27th May Late"]
[Site "chess.com INT"]
[Date "2025.05.27"]
[Round "8"]
[White "Sarana, Alexey"]
[Black "Eljanov, Pavel"]
[Result "1-0"]
[WhiteTitle "GM"]
[BlackTitle "GM"]
[WhiteElo "2686"]
[BlackElo "2668"]
[WhiteFideId "24133795"]
[BlackFideId "14102951"]
[EventDate "2025.05.27"]

1. d4 d5 2. c4 e6 3. Nc3 Nf6 4. cxd5 exd5 5. Bf4 Bd6 6. Bxd6 Qxd6 7. e3 O-O 8.
Bd3 b6 9. Nge2 c5 10. O-O Nc6 11. Rc1 c4 12. Bb1 Re8 13. b3 Ba6 14. Re1 cxb3 15.
Qxb3 Bc4 16. Qb2 Rab8 17. Nb5 Qd7 18. Nf4 a6 19. Na3 b5 20. Nxc4 bxc4 21. Qa3
Rb5 22. Bc2 Reb8 23. Ba4 Rb4 24. h3 g6 25. Red1 Ne4 26. Nd3 cxd3 27. Bxc6 Qf5
28. f3 Rb2 29. Qxd3 Qg5 30. Rc2 Rxc2 31. Qxc2 Qxe3+ 32. Kh2 Qf4+ 33. Kg1 Qe3+
34. Kh2 Qf4+ 35. Kh1 Ng3+ 36. Kg1 Rc8 37. Re1 Qxd4+ 38. Kh2 Nf5 39. Qa4 Qf2 40.
Rg1 Qg3+ 41. Kh1 Qd6 42. Rc1 Ne7 43. Qxa6 Rxc6 44. Qa8+ Kg7 45. Rd1 Rc2 46. Qa4
Re2 47. Qb5 Rxa2 48. Qb3 Ra3 49. Qb2+ Kg8 50. Re1 Ra8 51. Qd4 Re8 52. Qe3 Qd7
53. Qe5 Qd8 54. h4 h5 55. Kg1 1-0

[Event "Titled Tue 27th May Late"]
[Site "chess.com INT"]
[Date "2025.05.27"]
[Round "8"]
[White "Sethuraman, Roshan"]
[Black "Ehlvest, Jaan"]
[Result "0-1"]
[BlackTitle "GM"]
[WhiteElo "2074"]
[BlackElo "2532"]
[WhiteFideId "30965250"]
[BlackFideId "4500016"]
[EventDate "2025.05.27"]

1. e4 e5 2. Nf3 Nc6 3. Bb5 a6 4. Ba4 Nf6 5. O-O Be7 6. Re1 b5 7. Bb3 d6 8. c3
O-O 9. h3 h6 10. d4 Re8 11. Nbd2 Bd7 12. Nf1 Qb8 13. Ng3 Qb7 14. Bd5 Bf8 15.
dxe5 dxe5 16. Be3 Rad8 17. Qb3 Nxd5 18. exd5 Na5 19. Qc2 Qxd5 20. Rad1 Qc6 21.
Rd2 Nc4 22. Rde2 Bxh3 23. b3 Na3 24. Qe4 Qxe4 25. Nxe4 Bg4 26. Bc1 f5 27. Ng3 e4
28. Bxa3 Bxa3 29. Re3 Bc5 30. Nd4 Rxd4 31. cxd4 Bxd4 32. Rc1 Bxe3 33. fxe3 Re7
34. Rc6 Rd7 35. Rxa6 Rd3 36. Nf1 Be2 37. a4 Rd1 38. Kf2 Bxf1 39. a5 Bd3 40. Rc6
Ra1 41. b4 Ra4 42. Rc3 Kh7 43. Rb3 Kg6 44. Kg3 Kg5 45. Rb2 h5 46. Kh3 h4 47. Kh2
c5 48. bxc5 Rxa5 49. Rb3 Ra4 50. c6 Rc4 51. Rxb5 Rxc6 52. Rb7 g6 53. Rh7 Rc2 54.
Kh3 Bf1 55. Rxh4 Bxg2+ 56. Kg3 Bf3 57. Rf4 Rg2+ 58. Kh3 Re2 59. Kg3 Rxe3 60.
Rg4+ Bxg4+ 61. Kf2 Re2+ 62. Kf1 Rc2 0-1

[Event "Titled Tue 27th May Late"]
[Site "chess.com INT"]
[Date "2025.05.27"]
[Round "8"]
[White "Kochavi, Dana"]
[Black "Buchenau, Frank"]
[Result "1/2-1/2"]
[WhiteTitle "FM"]
[BlackTitle "FM"]
[WhiteElo "2226"]
[BlackElo "2190"]
[WhiteFideId "2837137"]
[BlackFideId "4604350"]
[EventDate "2025.05.27"]

1. e4 e6 2. d4 d5 3. Nd2 Nf6 4. Bd3 c5 5. c3 cxd4 6. cxd4 dxe4 7. Nxe4 Be7 8.
Nf3 O-O 9. O-O Bd7 10. a3 Nxe4 11. Bxe4 Bc6 12. Bxc6 Nxc6 13. b4 Qd5 14. Bb2
Rfd8 15. Qc2 Rac8 16. Qe2 Bf6 17. Rfd1 Ne7 18. Ne5 Nf5 19. h3 Qb3 20. Rd3 Rc2
21. Rxb3 Rxe2 22. Nf3 Nxd4 23. Nxd4 Bxd4 24. Bxd4 Rxd4 25. Rc1 g6 26. Rc8+ Kg7
27. Rc7 Rf4 28. Rf3 Rxf3 29. gxf3 Ra2 30. Rxb7 Rxa3 31. Kg2 Kf6 32. b5 g5 33. b6
axb6 34. Rxb6 Kf5 35. Rb5+ e5 36. Rb7 Kg6 37. Rb6+ f6 38. Rb5 h5 39. Rb8 Kf5 40.
Rh8 h4 41. Rb8 Ra4 42. Rb6 Rc4 43. Rb5 Kf4 44. Rb6 f5 45. Rb5 Rc3 46. Rb4+ e4
47. fxe4 fxe4 48. Rb8 Rc5 49. Rf8+ Rf5 50. Re8 Ra5 51. Rf8+ Ke5 52. Re8+ Kd4 53.
Rd8+ Kc3 54. Rd6 Kc4 55. Rd8 Rd5 56. Re8 Kd3 57. Ra8 Ke2 58. Ra2+ Rd2 59. Ra4
Kd3 60. Ra3+ Ke2 61. Re3+ Kd1 62. Rxe4 Rd5 63. Kf3 Kd2 64. Kg4 Kd3 65. f3 Rc5
66. Re8 Rd5 67. Rg8 Ke3 68. Re8+ Kf2 69. Rg8 Rd4+ 70. Kxg5 Kxf3 71. Ra8 Rc4 72.
Ra3+ Kg2 73. Kh5 Rd4 74. Kg5 1/2-1/2

[Event "Titled Tue 27th May Late"]
[Site "chess.com INT"]
[Date "2025.05.27"]
[Round "8"]
[White "Vagman, Roy"]
[Black "Terry, Renato"]
[Result "0-1"]
[WhiteTitle "FM"]
[BlackTitle "IM"]
[WhiteElo "2417"]
[BlackElo "2508"]
[WhiteFideId "2828995"]
[BlackFideId "3803457"]
[EventDate "2025.05.27"]

1. e4 e6 2. d4 d5 3. exd5 exd5 4. Bd3 Nc6 5. c3 Bd6 6. h3 Nge7 7. Nf3 O-O 8. O-O
Bf5 9. Bxf5 Nxf5 10. Qd3 Qd7 11. Be3 Rfe8 12. Nbd2 Re7 13. Rae1 Rae8 14. Bg5 f6
15. Rxe7 Ncxe7 16. Be3 Ng6 17. Re1 c6 18. Nf1 Re4 19. N1d2 Re7 20. Nf1 Bc7 21.
Bd2 Rxe1 22. Nxe1 Nd6 23. Ng3 Qe6 24. Qe2 Qd7 25. Nd3 Nc4 26. Nc5 Qc8 27. Bc1 b6
28. Qe6+ Qxe6 29. Nxe6 Bxg3 30. fxg3 Nd6 31. Nd8 Ne7 32. Bf4 Nf7 33. Ne6 Nc8 34.
Bb8 a6 35. a4 h5 36. Kf2 g5 37. Nc7 a5 38. Na8 b5 39. axb5 cxb5 40. Nc7 Nfd6 41.
Nxd5 Kf7 42. b3 a4 43. bxa4 bxa4 44. Bxd6 Nxd6 45. Nb4 f5 46. Ke3 a3 47. Kd3 Ne4
48. c4 Nxg3 49. c5 Ne4 50. Kc4 g4 51. hxg4 fxg4 52. d5 h4 53. Kb3 h3 54. gxh3
gxh3 55. d6 h2 56. d7 Nxc5+ 57. Kxa3 Nxd7 0-1

[Event "Titled Tue 27th May Late"]
[Site "chess.com INT"]
[Date "2025.05.27"]
[Round "8"]
[White "Galchenko, Matvey"]
[Black "Zlatkov, Anton"]
[Result "1-0"]
[WhiteTitle "IM"]
[BlackTitle "FM"]
[WhiteElo "2442"]
[BlackElo "2322"]
[WhiteFideId "24175480"]
[BlackFideId "15005402"]
[EventDate "2025.05.27"]

1. f4 Nf6 2. Nf3 g6 3. g3 Bg7 4. Bg2 O-O 5. O-O d5 6. d3 c5 7. Ne5 Qc7 8. Nc3
Rd8 9. e3 Nc6 10. Nxc6 Qxc6 11. Qe2 Bg4 12. Qf2 Bf5 13. h3 h5 14. Re1 Qc8 15.
Kh2 Be6 16. e4 d4 17. Ne2 c4 18. Ng1 Qc5 19. Nf3 Rac8 20. Re2 cxd3 21. cxd3 Qb5
22. Rd2 Qb6 23. Ng5 Bd7 24. e5 Nh7 25. Nf3 Bb5 26. g4 hxg4 27. hxg4 Nf8 28. Qg3
Ne6 29. Ne1 Nc5 30. Rf2 Qa6 31. Bf1 Nb3 32. axb3 Qxa1 33. Bd2 Qxb2 34. f5 Qxb3
35. Bg2 Bc6 36. Bg5 Bxg2 37. Nxg2 Rc2 38. Bxe7 Rxf2 39. Qxf2 Re8 40. f6 Bf8 41.
Bxf8 Rxe5 42. Qf4 Kxf8 43. Qxe5 Qe6 44. Qb8+ Qe8 45. Qf4 Qc6 46. Qb8+ Qe8 47.
Qd6+ Kg8 48. Qf4 Qe6 49. Qxd4 g5 50. Ne3 Qa2+ 51. Kg3 Qd2 52. Nf5 Kh7 53. Ne7 a5
54. Qe4+ Kh8 55. Qd4 Qe1+ 56. Kf3 Qf1+ 57. Ke4 Qg2+ 58. Kf5 Qf3+ 59. Kxg5 Qe2
60. Qd8+ 1-0

[Event "Titled Tue 27th May Late"]
[Site "chess.com INT"]
[Date "2025.05.27"]
[Round "8"]
[White "Caruana, Fabiano"]
[Black "Mendes Aaron Reeve"]
[Result "0-1"]
[WhiteTitle "GM"]
[BlackTitle "IM"]
[WhiteElo "2776"]
[BlackElo "2335"]
[WhiteFideId "2020009"]
[BlackFideId "25954938"]
[EventDate "2025.05.27"]

1. d4 d5 2. Nf3 Nf6 3. c3 c5 4. dxc5 e6 5. b4 a5 6. e3 Nc6 7. Bb5 Bd7 8. O-O
axb4 9. Bxc6 Bxc6 10. cxb4 b6 11. Nd4 Ba4 12. Qe2 bxc5 13. bxc5 Bxc5 14. Nc3 Bd7
15. a4 O-O 16. Ba3 Bxa3 17. Rxa3 Qe7 18. Rfa1 Rfc8 19. a5 e5 20. Nf3 Qb4 21. Qd2
Qd6 22. h3 Ra6 23. Qb2 Rb8 24. Qd2 Rba8 25. Ne2 Ne4 26. Qb2 f6 27. Nc3 Nc5 28.
Qd2 Be6 29. Qd1 Qd8 30. Na4 Nd7 31. Nb2 Rxa5 32. Rxa5 Rxa5 33. Rxa5 Qxa5 34. Qc1
Nc5 35. Qc2 g6 36. Nd1 Kf7 37. Nc3 Qb4 38. Ne2 Bf5 39. Qa2 Qb1+ 40. Qxb1 Bxb1
41. Nc3 Be4 42. Nd2 Ke6 43. f3 Bd3 44. Kf2 Bc4 45. Nd1 Nd3+ 46. Kg1 Ba6 47. Nf2
f5 48. Nxd3 Bxd3 49. Kf2 Kd6 50. f4 exf4 51. exf4 d4 52. Nf3 Kd5 53. g3 Be4 54.
Ne5 g5 55. h4 h6 56. hxg5 hxg5 57. Ke2 Ke6 58. Kf2 Kf6 59. Nd7+ Kg6 60. Nc5 Bd5
61. Nd3 Kh5 62. fxg5 Kxg5 63. Nf4 Bc4 64. Kf3 d3 65. Ke3 Kg4 66. Ng6 Kxg3 67.
Ne5 f4+ 68. Kd2 Ba6 0-1